Экология и научно-технический прогресс. Урбанистика (Запись № 10809254)
[ простой вид ]
| 000 -МАРКЕР | |
|---|---|
| контрольное поле | 02974nam0a2200409 i 4500 |
| 001 - ИДЕНТИФИКАТОР ЗАПИСИ | |
| контрольное поле | RU\NLR\BIBL_A\010968359 |
| 005 - ИДЕНТИФИКАТОР ВЕРСИИ | |
| контрольное поле | 20241114211558.0 |
| 010 ## - МЕЖДУНАРОДНЫЙ СТАНДАРТНЫЙ НОМЕР КНИГИ (ISBN) | |
| Номер (ISBN) | 9785398013900 |
| Тираж | 100 |
| 021 ## - НОМЕР ГОСУДАРСТВЕННОЙ РЕГИСТРАЦИИ | |
| Код страны | Российская Федерация |
| Номер | 2015-102903 |
| Номер Листа государственной регистраци | 6418 |
| 035 ## - ДРУГИЕ СИСТЕМНЫЕ НОМЕРА | |
| Идентификатор записи | (NILC)RuMoRGB-008117354 |
| 035 ## - ДРУГИЕ СИСТЕМНЫЕ НОМЕРА | |
| Идентификатор записи | (NLR Aleph) 010968359 |
| 100 ## - ДАННЫЕ ОБЩЕЙ ОБРАБОТКИ | |
| Данные общей обработки | 20160202d2015 k y0rusy50 ca |
| 101 0# - ЯЗЫК РЕСУРСА | |
| Язык текста, звукозаписи и т.д. | русский |
| Язык резюме | английский |
| 102 ## - СТРАНА ПУБЛИКАЦИИ ИЛИ ПРОИЗВОДСТВА | |
| Страна публикации | Российская Федерация |
| 105 ## - ПОЛЕ КОДИРОВАННЫХ ДАННЫХ: ТЕКСТОВЫЕ МАТЕРИАЛЫ, МОНОГРАФИЧЕСКИЕ | |
| Кодированные данные о монографическом текстовом документе | a ||z|||100yy |
| 200 1# - ЗАГЛАВИЕ И СВЕДЕНИЯ ОБ ОТВЕТСТВЕННОСТИ | |
| Основное заглавие | Экология и научно-технический прогресс. Урбанистика |
| Сведения, относящиеся к заглавию | материалы XII Всероссийской научно-практической конференции студентов, аспирантов и молодых ученых (с международным участием) (г. Пермь, 21 ноября 2014 г.) |
| Первые сведения об ответственности | [редкол.: М. Ю. Петухов, к.т.н., доц. (гл. и отв. ред.) и др.] |
| 210 ## - ПУБЛИКАЦИЯ, РАСПРОСТРАНЕНИЕ И ДР. | |
| Место издания, распространения и т.д. | Пермь |
| Имя издателя, распространителя и т. д. | Изд-во Пермского национального исследовательского политехнического университета |
| Дата издания, распространения и т.д. | 2015 |
| 215 ## - ФИЗИЧЕСКАЯ ХАРАКТЕРИСТИКА | |
| Специфическое обозначение материала и объем | 405 с. |
| Другие сведения о физической характеристике | ил. |
| Размеры | 21 |
| 300 ## - ОБЩИЕ ПРИМЕЧАНИЯ | |
| Текст примечания | В надзаг.: М-во образования и науки Российской Федерации, Федеральное гос. бюджетное образовательное учреждение высш. проф. образования "Пермский нац. исследовательский политехнический ун-т" |
| 300 ## - ОБЩИЕ ПРИМЕЧАНИЯ | |
| Текст примечания | Рез. ст. на англ. яз. |
| 320 ## - ПРИМЕЧАНИЯ О НАЛИЧИИ В ДОКУМЕНТЕ БИБЛИОГРАФИИ / УКАЗАТЕЛЯ | |
| Текст примечания | Библиогр. в конце ст. |
| 517 1# - ДРУГИЕ ВАРИАНТЫ ЗАГЛАВИЯ | |
| Вариант заглавия | Урбанистика |
| 606 ## - НАИМЕНОВАНИЕ ТЕМЫ КАК ПРЕДМЕТ | |
| Наименование темы | Экология |
| Формальный подзаголовок | Съезды, совещания и т.п |
| Тематический подзаголовок | Влияние антропических факторов |
| Системный номер авторитетной/нормативной записи | 1215119 |
| Идентификатор авторитетной/нормативной записи | RU\NLR\AUTH\66175376 |
| 606 1# - НАИМЕНОВАНИЕ ТЕМЫ КАК ПРЕДМЕТ | |
| Наименование темы | Урбанизация |
| Формальный подзаголовок | Съезды, совещания и т.п |
| Тематический подзаголовок | Влияние на окружающую среду |
| Системный номер авторитетной/нормативной записи | 2626322 |
| Идентификатор авторитетной/нормативной записи | RU\NLR\AUTH\661562882 |
| 606 ## - НАИМЕНОВАНИЕ ТЕМЫ КАК ПРЕДМЕТ | |
| Наименование темы | Строительная экология |
| Формальный подзаголовок | Съезды, совещания и т.п |
| Системный номер авторитетной/нормативной записи | 1801314 |
| Идентификатор авторитетной/нормативной записи | RU\NLR\AUTH\661105267 |
| 606 ## - НАИМЕНОВАНИЕ ТЕМЫ КАК ПРЕДМЕТ | |
| Наименование темы | Экология |
| Формальный подзаголовок | Съезды, совещания и т.п |
| Тематический подзаголовок | Технический прогресс |
| Системный номер авторитетной/нормативной записи | 2449053 |
| Идентификатор авторитетной/нормативной записи | RU\NLR\AUTH\661456269 |
| 675 ## - УНИВЕРСАЛЬНАЯ ДЕСЯТИЧНАЯ КЛАССИФИКАЦИЯ (UDC/УДК) | |
| Индекс | 502/504 |
| 686 1# - ИНДЕКСЫ ДРУГИХ КЛАССИФИКАЦИЙ | |
| Индекс | Е081.4я431(2) |
| 686 ## - ИНДЕКСЫ ДРУГИХ КЛАССИФИКАЦИЙ | |
| Индекс | У28(2)2я431 |
| 702 #1 - ИМЯ ЛИЦА - ВТОРИЧНАЯ ОТВЕТСТВЕННОСТЬ | |
| Начальный элемент ввода | Петухов |
| Часть имени, кроме начального элемента ввода | М. Ю. |
| Расширение инициалов личного имени | Михаил Юрьевич |
| Код отношения | Редактор |
| 711 12 - НАИМЕНОВАНИЕ ОРГАНИЗАЦИИ - АЛЬТЕРНАТИВНАЯ ОТВЕТСТВЕННОСТЬ | |
| Начальный элемент ввода | "Экология и научно-технический прогресс. Урбанистика", всероссийская научно-практическая конференция студентов, аспирантов и молодых ученых (с международным участием) |
| Порядковый номер временной организации и / или порядковый номер ее части | 12 |
| Место проведения временной организации | Пермь |
| Дата проведения временной организации | 2014 |
| Системный номер авторитетной/нормативной записи | 504767 |
| Идентификатор авторитетной/нормативной записи | RU\NLR\AUTH\880419892 |
| 801 #0 - ИСТОЧНИК ЗАПИСИ | |
| Страна | Российская Федерация |
| Организация | РГБ |
| Дата составления | 20160119 |
| Правила каталогизации | RCR |
| 942 ## - ДОПОЛНИТЕЛЬНЫЕ ЭЛЕМЕНТЫ ЗАПИСИ (АБИС) | |
| Тип экземпляра АБИС | Книга |
| 980 ## - КОЛЛЕКЦИЯ | |
| Название коллекции | НБР |
Нет доступных экземпляров.